[Event "San Jose Metropolitano op-B 45th"]
[Site "San Jose"]
[Date "2024.12.29"]
[Round "7"]
[White "Hernandez Perez, Javier Francisco"]
[Black "Montero Romero, Danny Jose"]
[Result "1/2-1/2"]
[WhiteElo "1623"]
[BlackElo "1807"]
[PlyCount "103"]
[EventDate "2024.12.26"]
[EventType "tourn"]
[EventRounds "9"]
[EventCountry "CRI"]
[SourceTitle "CB02_2025"]
[SourceDate "2025.01.08"]
[SourceVersion "1"]
[SourceVersionDate "2025.01.08"]
[SourceQuality "1"]

1. d4 d5 2. Nf3 Nf6 3. c4 e6 4. g3 Be7 5. Bg2 0-0 6. 0-0 c6 7. Nc3 Nbd7 8. c5 b6 9. b4 a5 10. bxa5 bxc5 11. dxc5 Bxc5 12. Bd2 Bd6 13. Nd4 Nb8 14. Na4 Bc7 15. Nb3 Re8 16. Qc2 Nfd7 17. Rfc1 Ne5 18. Nb2 Ned7 19. e4 Bd6 20. Nd4 Bb7 21. Rab1 Bf8 22. Na4 Ra7 23. Rb3 Ba8 24. Rcb1 e5 25. Ne2 d4 26. f4 f6 27. fxe5 fxe5 28. Nc1 Na6 29. Nb6 c5 30. Nd3 Bc6 31. Bh3 Nf6 32. Nf2 Nc7 33. Bb4 Na6 34. Ba3 Kh8 35. Bf1 Qe7 36. Bh3 Qd8 37. Bf1 Qe7 38. Rc1 Nd7 39. Nxd7 Bxd7 40. Bxa6 Rxa6 41. Bxc5 Qg5 42. Bxf8 Rxf8 43. Qc5 Raa8 44. Rcb1 Qd2 45. R3b2 Qxa5 46. Qd6 Ba4 47. Ng4 Qc3 48. Rf2 Rfe8 49. Rbf1 h5 50. Qg6 hxg4 51. Qh5+ Kg8 52. Qf7+ 1/2-1/2

[Event "San Jose Solidario Blitz op 1st"]
[Site "San Jose"]
[Date "2024.05.04"]
[Round "2"]
[White "Alvarado Machado, Verny"]
[Black "Hernandez Perez, Javier Francisco"]
[Result "1-0"]
[WhiteElo "2039"]
[BlackElo "1634"]
[PlyCount "45"]
[EventDate "2024.05.04"]
[EventType "swiss (blitz)"]
[EventRounds "9"]
[EventCountry "CRI"]
[SourceTitle "CBM 220 Extra"]
[Source "ChessBase"]
[SourceDate "2024.07.31"]
[SourceVersion "1"]
[SourceVersionDate "2024.07.31"]
[SourceQuality "1"]

1. d4 g6 2. e4 Bg7 3. Nf3 d5 4. exd5 Qxd5 5. Nc3 Qd8 6. Bc4 Nf6 7. Bg5 0-0 8. 0-0 b6 9. Qe2 Bb7 10. Rad1 e6 11. d5 e5 12. Nxe5 Qe8 13. Rfe1 Nbd7 14. f4 Qc8 15. Nc6 Bxc6 16. dxc6 Nb8 17. Qf3 Re8 18. Bxf6 Bxf6 19. Nd5 Rxe1+ 20. Rxe1 Bd4+ 21. Kf1 Nxc6 22. c3 Bg7 23. Bb5 1-0

[Event "San Jose Solidario Blitz op 1st"]
[Site "San Jose"]
[Date "2024.05.04"]
[Round "7"]
[White "Hernandez Perez, Javier Francisco"]
[Black "Echeverria Rodriguez, Mauricio"]
[Result "1-0"]
[WhiteElo "1634"]
[BlackElo "1497"]
[PlyCount "81"]
[EventDate "2024.05.04"]
[EventType "swiss (blitz)"]
[EventRounds "9"]
[EventCountry "CRI"]
[SourceTitle "CBM 220 Extra"]
[Source "ChessBase"]
[SourceDate "2024.07.31"]
[SourceVersion "1"]
[SourceVersionDate "2024.07.31"]
[SourceQuality "1"]

1. d4 e5 2. d5 Qf6 3. e4 Bc5 4. Nf3 c6 5. Nc3 Ne7 6. Bc4 0-0 7. 0-0 cxd5 8. Nxd5 Nxd5 9. Qxd5 d6 10. a3 Bg4 11. Qd3 Nc6 12. b4 Bb6 13. Bb2 Qg6 14. Nd2 Bh3 15. Qxh3 Nd4 16. c3 Ne6 17. Bd5 Nf4 18. Qf3 Nxd5 19. exd5 f5 20. Nc4 e4 21. Qg3 Qf7 22. Nxd6 Qd7 23. c4 f4 24. Qg5 Bd8 25. Qxg7+ Qxg7 26. Bxg7 Kxg7 27. Nxb7 Bf6 28. Rae1 f3 29. Rxe4 fxg2 30. Rg4+ Kh8 31. Rxg2 Bb2 32. a4 Rab8 33. Nc5 Rxb4 34. Nd3 Rbb8 35. Nxb2 Rxb2 36. c5 Rf5 37. Rd1 Ra2 38. d6 Rxc5 39. d7 Rd5 40. d8Q+ Rxd8 41. Rxd8# 1-0

[Event "San Jose Solidario Blitz op 1st"]
[Site "San Jose"]
[Date "2024.05.04"]
[Round "5"]
[White "Hernandez Perez, Javier Francisco"]
[Black "Herrera Retana, Gerardo"]
[Result "1/2-1/2"]
[WhiteElo "1634"]
[BlackElo "1834"]
[PlyCount "97"]
[EventDate "2024.05.04"]
[EventType "swiss (blitz)"]
[EventRounds "9"]
[EventCountry "CRI"]
[SourceTitle "CBM 220 Extra"]
[Source "ChessBase"]
[SourceDate "2024.07.31"]
[SourceVersion "1"]
[SourceVersionDate "2024.07.31"]
[SourceQuality "1"]

1. d4 Nf6 2. Nf3 d5 3. g3 e6 4. Bg2 Bd6 5. 0-0 0-0 6. c4 c6 7. Nc3 b6 8. Qc2 Bb7 9. b3 Nbd7 10. Bb2 Rc8 11. Nd2 c5 12. Nb5 Bb8 13. Qd3 a6 14. Nc3 cxd4 15. Qxd4 e5 16. Qh4 d4 17. Bxb7 dxc3 18. Bxc3 Rc7 19. Bxa6 Nc5 20. Bb5 Qe7 21. Bb4 Rd8 22. Rfd1 h6 23. Bxc5 Rxc5 24. Ne4 Rcc8 25. Nxf6+ Qxf6 26. Qxf6 gxf6 27. Kg2 Kf8 28. Kf3 Ke7 29. Ke3 f5 30. f3 Bd6 31. Kf2 Bc5+ 32. Kg2 Bd4 33. Rac1 f6 34. Rc2 Be3 35. Rxd8 Rxd8 36. Bc6 Rd2 37. Rxd2 Bxd2 38. e4 f4 39. g4 Be3 40. Kf1 Kd6 41. Bb5 Kc5 42. Ke2 Kd4 43. Ba4 Kc3 44. h4 Kb2 45. h5 Kxa2 46. Ke1 Kb2 47. Ke2 Kc3 48. Ke1 Bc5 49. Ke2 1/2-1/2

[Event "CRI-ch"]
[Site "San Jose"]
[Date "2024.01.06"]
[Round "2"]
[White "Pastor Carvajal, Jeigoth"]
[Black "Hernandez Perez, Javier Francisco"]
[Result "1-0"]
[WhiteElo "1995"]
[BlackElo "1309"]
[PlyCount "49"]
[EventDate "2024.01.06"]
[EventType "swiss"]
[EventRounds "9"]
[EventCountry "CRI"]
[SourceTitle "CBM 218 Extra"]
[Source "ChessBase"]
[SourceDate "2024.03.31"]
[SourceVersion "1"]
[SourceVersionDate "2024.03.31"]
[SourceQuality "1"]

1. e4 c5 2. Nc3 g6 3. Bc4 Bg7 4. Qf3 e6 5. Nb5 d6 6. Qg3 Be5 7. f4 Bf6 8. Nf3 e5 9. d3 Nc6 10. 0-0 Be6 11. Bxe6 fxe6 12. fxe5 Nxe5 13. Ng5 Qd7 14. a4 a6 15. Nc3 0-0-0 16. Be3 Bxg5 17. Bxg5 Re8 18. Rf2 h6 19. Bf4 Qg7 20. Bxe5 dxe5 21. Raf1 Re7 22. Rf8+ Kc7 23. Qe3 Kd6 24. b4 b6 25. a5 1-0

[Event "Kaspersky op U16"]
[Site "Tornelo INT"]
[Date "2021.04.02"]
[Round "4"]
[White "Jaiveer, Mahendru"]
[Black "Hernandez Perez, Javier Francisco"]
[Result "1-0"]
[WhiteElo "1695"]
[BlackElo "1181"]
[PlyCount "69"]
[EventDate "2021.04.02"]
[EventType "swiss (blitz)"]
[EventRounds "11"]
[EventCountry "RUS"]
[SourceTitle "CBM 201 Extra"]
[Source "ChessBase"]
[SourceDate "2021.05.31"]
[SourceVersion "1"]
[SourceVersionDate "2021.05.31"]
[SourceQuality "1"]

1. e4 c5 2. Nf3 Nc6 3. d4 cxd4 4. Nxd4 g6 5. Nc3 Bg7 6. Be3 Nf6 7. f3 0-0 8. Bc4 Qb6 9. Bb3 Nxe4 10. Nd5 Qa5+ 11. c3 Nf6 12. Nxc6 bxc6 13. Nxe7+ Kh8 14. Nxc8 Raxc8 15. 0-0 Rfe8 16. Bd4 d5 17. Qd2 c5 18. Bxf6 Bxf6 19. Qxd5 Rcd8 20. Qxf7 Bg7 21. Rfe1 Rf8 22. Qc4 Rd2 23. Re2 Rxe2 24. Qxe2 Qb6 25. Kf1 Qc7 26. Kg1 Be5 27. h3 Bh2+ 28. Kh1 Bg3 29. Rd1 Qc6 30. Bd5 Qb6 31. Qe7 Rd8 32. a4 a5 33. f4 Bxf4 34. Rf1 Bd6 35. Qf6# 1-0

[Event "Pan American-ch Amateur U1700"]
[Site "San Jose"]
[Date "2019.10.23"]
[Round "1.7"]
[White "Rojas Mendoza, Joun Sun"]
[Black "Hernandez Perez, Javier Francisco"]
[Result "1-0"]
[WhiteElo "1647"]
[BlackElo "1082"]
[PlyCount "39"]
[EventDate "2019.10.23"]
[EventType "swiss"]
[EventRounds "9"]
[EventCountry "CRI"]
[SourceTitle "EXT 2024"]
[Source "ChessBase"]
[SourceDate "2023.10.10"]
[SourceVersion "1"]
[SourceVersionDate "2023.10.10"]
[SourceQuality "1"]

1. d4 d5 2. Bf4 e6 3. Nf3 Be7 4. e3 Nf6 5. Bd3 0-0 6. Nbd2 b6 7. Ne5 Bb7 8. Qf3 c5 9. c3 Nbd7 10. g4 Rc8 11. g5 Ne4 12. Nxe4 dxe4 13. Bxe4 Bxe4 14. Qxe4 f5 15. Qg2 g6 16. Nc6 Qe8 17. Nxa7 Ra8 18. Nb5 Ra5 19. Nc7 Qd8 20. Nxe6 1-0